Sprog
English
Deutsch
Español
Français
Italiano
日本語
Nederlands
Português
Português (Brasil)
中文(简体)
中文(繁體)
Türkçe
עברית
Gaeilge
Cymraeg
Ελληνικά
Català
Euskara
Русский
Čeština
Suomi
Svenska
polski
Dansk
slovenščina
اللغة العربية
বাংলা
Galego
Tiếng Việt
Hrvatski
हिंदी
Հայերէն
Українська
Alle Felter
Titel
Forfatter
Fag
ISBN/ISSN
Tag
Identifier
Find
Udvidet
Т. 56, № 5; Кинетика и катализ...
Citér dette
Stav dette
Email dette
Udskriv
Eksportér post
Eksportér til RefWorks
Eksportér til EndNoteWeb
Eksportér til EndNote
Permanent link
Esportazione completata correttamente —
Т. 56, № 5; Кинетика и катализ
Bibliografiske detaljer
Parent link:
Кинетика и катализ/ Российская академия наук (РАН), Институт органической химии им. Н. Д. Зелинского (ИОХ). Т. 56, № 5.— , 1960-
Sprog:
russisk
Udgivet:
2015
Format:
MixedMaterials
Bog
KOHA link:
https://koha.lib.tpu.ru/cgi-bin/koha/opac-detail.pl?biblionumber=553292
Beholdninger
Beskrivelse
Lignende værker
Medarbejdervisning
MARC
LEADER
00000nam2a2200000 4500
001
553292
005
20231101121239.0
035
|a
(RuTPU)RU\TPU\prd\247120
090
|a
553292
100
|a
20151203a19609999k y0rusy50 ca
101
0
|a
rus
102
|a
RU
200
0
|a
Т. 56, № 5
210
|d
2015
461
1
|0
(RuTPU)RU\TPU\prd\215
|t
Кинетика и катализ
|f
Российская академия наук (РАН), Институт органической химии им. Н. Д. Зелинского (ИОХ)
|v
Т. 56, № 5
|d
1960-
801
0
|a
RU
|b
63413507
|c
20010227
|g
PSBO
801
1
|a
RU
|b
63413507
|c
20151203
801
2
|a
RU
|b
63413507
|c
20230517
|g
RCR
942
|c
BK
999
|a
НТБ_ТПУ
|b
НФ
|e
-1/20150112
|p
П-6727
|s
1/20150608
|u
0,00
|v
1
Lignende værker
Т. 56, № 1; Кинетика и катализ
Udgivet: (2015)
Т. 56, № 2; Кинетика и катализ
Udgivet: (2015)
Т. 56, № 3; Кинетика и катализ
Udgivet: (2015)
Т. 56, № 4; Кинетика и катализ
Udgivet: (2015)
Т. 56, № 6; Кинетика и катализ
Udgivet: (2015)